Statistics for Largest European Cities by Letter - C

Click here to take the quiz!

General Stats

  • This quiz has been taken 429 times
  • The average score is 5 of 20

Answer Stats

Population Country Cities % Correct
499,000DenmarkCopenhagen
95%
963,000GermanyCologne
86%
315,000UKCardiff
54%
307,000SpainCordoba
39%
1,084,000RussiaChelyabinsk
35%
306,000UKCoventry
35%
341,000ItalyCatania
32%
332,000RomaniaCluj-Napoca
31%
342,000RomaniaConstanta
24%
207,000BelgiumCharleroi
23%
263,000GermanyChemnitz
14%
313,000RomaniaCraiova
13%
257,000PolandCzestochowa
9%
309,000RussiaChita
4%
323,000RussiaCherepovets
3%
459,000RussiaCheboksary
3%
308,000UkraineCherkassy
2%
307,000UkraineChernigov
1%
193,000UKCalderdale
1%
260,000UkraineChernovtsy
0%

Score Distribution

Percentile by Number Answered

Percent of People with Each Score

Your Score History

You have not taken this quiz